| 000 | 00357nam a2200145Ia 4500 | ||
|---|---|---|---|
| 003 | LK-CoDNM | ||
| 008 | 010623t1932 xxu||||| |||| 00| 1 eng d | ||
| 040 |
_aLK-CoDNM _dLK-CoDNM _eLK-CoDNM |
||
| 041 | _aeng | ||
| 080 | _a20 G 28 | ||
| 245 | _aPlate Ceylon annual,1932 | ||
| 260 |
_bPlate Ltd _aColpetty _c1932 |
||
| 300 | _b70p,20ill,pl., 27 cm | ||
| 942 | _cBK | ||
| 999 |
_c96147 _d96147 |
||